[Event "FRA-chT3 Gr14 0607"]
[Site "France"]
[Date "2007.03.18"]
[Round "7.8"]
[White "Piquard, Aline"]
[Black "Meyer, Albert"]
[Result "0-1"]
[WhiteElo "1009"]
[BlackElo "1330"]
[PlyCount "116"]
[EventDate "2006.10.15"]
[EventType "team"]
[EventRounds "9"]
[EventCountry "FRA"]
[SourceTitle "EXT 2008"]
[Source "ChessBase"]
[SourceDate "2007.11.25"]
[SourceVersion "1"]
[SourceVersionDate "2007.11.25"]
[SourceQuality "1"]

1. e4 d6 2. Nf3 Nf6 3. d3 Nc6 4. c3 Bg4 5. Be2 b5 6. a3 a6 7. Qb3 d5 8. e5 Nh5 9. h3 Bxf3 10. Bxf3 Nf4 11. Bxf4 e6 12. Nd2 Na5 13. Qa2 c6 14. Rc1 Qc7 15. Bg4 g6 16. Nf3 h5 17. Bxe6 fxe6 18. Ng5 Qd7 19. Be3 Bg7 20. Bd4 Bh6 21. f4 0-0 22. 0-0 Bxg5 23. Rce1 Bxf4 24. Bb6 Nb7 25. b3 Rf7 26. Re2 Bh2+ 27. Kxh2 Rxf1 28. Be3 Rf7 29. Qa1 Qc7 30. d4 Raf8 31. Qe1 c5 32. Bh6 Re8 33. a4 Kh7 34. Be3 Ref8 35. Qh4 Qd8 36. Qg3 Na5 37. b4 cxb4 38. cxb4 Nc6 39. Rc2 Nxb4 40. Rb2 Qa5 41. Qe1 Nc6 42. Bd2 Qxa4 43. Qc1 Qxd4 44. Rb1 Qxe5+ 45. Kh1 Rf1+ 46. Qxf1 Rxf1+ 47. Rxf1 Qe4 48. Be1 a5 49. Rf7+ Kg8 50. Rc7 Nb4 51. Rc8+ Kf7 52. Ra8 a4 53. Bg3 Qe3 54. Bd6 Nd3 55. Ra7+ Kf6 56. Rc7 Ne1 57. Rc6 Qe4 58. Kh2 Qxg2# 0-1